Comparative politics/ (Record no. 14755)
[ view plain ]
| 000 -LEADER | |
|---|---|
| fixed length control field | 00551nam a22001937a 4500 |
| 003 - CONTROL NUMBER IDENTIFIER | |
| control field | OSt |
| 005 - DATE AND TIME OF LATEST TRANSACTION | |
| control field | 20191204142548.0 |
| 008 - FIXED-LENGTH DATA ELEMENTS--GENERAL INFORMATION | |
| fixed length control field | 191204b ||||| |||| 00| 0 eng d |
| 040 ## - CATALOGING SOURCE | |
| Transcribing agency | LIC |
| 082 ## - DEWEY DECIMAL CLASSIFICATION NUMBER | |
| Edition number | 2017 |
| Classification number | DC 320.319 |
| Item number | C737 |
| 245 ## - TITLE STATEMENT | |
| Title | Comparative politics/ |
| Statement of responsibility, etc. | Edited by Sudha Menon |
| 260 ## - PUBLICATION, DISTRIBUTION, ETC. (IMPRINT) | |
| Place of publication, distribution, etc. | New York, NY : |
| Name of publisher, distributor, etc. | Delve Publishing , |
| Date of publication, distribution, etc. | ©2017. |
| 300 ## - PHYSICAL DESCRIPTION | |
| Extent | xxii, 269 pages ; |
| Dimensions | 24 cm |
| 365 ## - TRADE PRICE | |
| Price amount | 6,375.00 |
| Currency code | Php |
| 500 ## - GENERAL NOTE | |
| General note | Includes index. |
| 650 ## - SUBJECT ADDED ENTRY--TOPICAL TERM | |
| Topical term or geographic name as entry element | Comparative government |
| 9 (RLIN) | 40751 |
| 700 ## - ADDED ENTRY--PERSONAL NAME | |
| Personal name | Menon, Sudha |
| Relator term | editor |
| 9 (RLIN) | 40752 |
| 942 ## - ADDED ENTRY ELEMENTS (KOHA) | |
| Source of classification or shelving scheme | Dewey Decimal Classification |
| Koha item type | Circulation |
| Withdrawn status | Lost status | Source of classification or shelving scheme | Damaged status | Not for loan | Collection code | Home library | Current library | Date acquired | Source of acquisition | Cost, normal purchase price | Total Checkouts | Full call number | Barcode | Date last seen | Copy number | Price effective from | Koha item type |
|---|---|---|---|---|---|---|---|---|---|---|---|---|---|---|---|---|---|
| Dewey Decimal Classification | Circulation | UM Digos College - LIC | UM Digos College - LIC | 08/08/2019 | Purchased | 6375.00 | DC 320.319 C737 2017 | 25477 | 05/15/2025 | 1 | 12/04/2019 | Circulation |
